Most Democratic States in the 2020 Presidential Election - Statistics

General Stats
  • This quiz has been taken 687 times
    572 since last reset
  • The average score is 9 of 10
Answer Stats
% State % Correct
63.5 California
98%
60.9 New York
95%
57.7 Washington
95%
65.6 Massachusetts
92%
66.1 Vermont
92%
59.4 Rhode Island
90%
59.3 Connecticut
87%
65.4 Maryland
86%
58.7 Delaware
82%
63.7 Hawaii
82%
No matching quizzes found
Score Distribution
Percent of People with Each Score
Percentile by Number Answered
Your Score History
You have not taken this quiz since the last reset